The gate (Record no. 38676)

MARC details
000 -LEADER
fixed length control field 00331nam a2200145Ia 4500
022 ## - INTERNATIONAL STANDARD SERIAL NUMBER
ISSN 13026917
245 #4 - TITLE STATEMENT
Title The gate
260 ## - PUBLICATION, DISTRIBUTION, ETC. (IMPRINT)
Place of publication Istanbul
260 ## - PUBLICATION, DISTRIBUTION, ETC. (IMPRINT)
Name of publisher Tepe Akfen Dergi Yyincilik
260 ## - PUBLICATION, DISTRIBUTION, ETC. (IMPRINT)
Year of publication 2011
300 ## - PHYSICAL DESCRIPTION
Number of Pages 73 p. ill. ; 28 cm.
942 ## - ADDED ENTRY ELEMENTS (KOHA)
Koha item type Serials

No items available.